| 000 | 00713nam a22002295i 4500 | ||
|---|---|---|---|
| 001 | 178375 | ||
| 003 | ES-MaACL | ||
| 005 | 20250827100617.0 | ||
| 008 | 110526s1970 sp |||| | spa d | ||
| 080 | _a930.85 | ||
| 080 | _a94(32) | ||
| 245 | 0 | 3 | _aEl imperio medio de Egipto. |
| 260 |
_aMadrid : _bDelblan, _cD. L. 1970. |
||
| 300 |
_a16 p. ; _c16 cm. |
||
| 490 | 1 |
_aMosaico cultural. 8. Historia universal ; _v4 |
|
| 500 | _aEncuadernado con otros tÃtulos. | ||
| 650 | 0 | 4 |
_aCivilización- _xHistoria _911082 |
| 651 | 4 |
_aEgipto- _xHistoria. _9137127 |
|
| 830 | 0 | 0 |
_aMosaico cultural. _pHistoria universal _v4 _9190931 |
| 852 |
_aES-MaACL _jE-15195 (4) _xOlim P-1923 |
||
| 999 |
_c178375 _d178375 |
||